00921nab a22001937a 450000500170000000800410001704000250005804100080008304400070009111000480009824500350014626000810018130000410026252001850030365000410048865000380052965100330056777301270060020150806152857.0150806b1982 ck |||||r|||| 00| 0 spa d aCO-BoIAVHcCO-BoIAVH0 aspa ack1 aUniversidad del Tolimab, Grupo ecológico1 aInsecticidas y espermatozoides3 aIbagué (Colombia):bCentro de publicaciones Universidad del Tolima,c1982. aVol.5, Nro. 57, Año 1982, Pag. 1-2 aElevados porcentajes de impotencia sexual y esterilidad masculina han comprobado en Espinal, Tolima como una consecuencia de esto la intoxicación por elevado uso de insecticidas. 6aInsecticidasxEfectos fisiológicos 6aInsecticidasxEfectos secundarios 4aColombiayTolimayEl Espinal0 aUniversidad del TolimadIbagué (Colombia): Centro de publicaciones de la Universidad del Tolima, 1977-.tSOS ecológico